<?xml version="1.0" encoding="UTF-8"?>
<record
    xmlns:xsi="http://www.w3.org/2001/XMLSchema-instance"
    xsi:schemaLocation="http://www.loc.gov/MARC21/slim http://www.loc.gov/standards/marcxml/schema/MARC21slim.xsd"
    xmlns="http://www.loc.gov/MARC21/slim">

  <leader>00556nam a2200205 a 4500</leader>
  <datafield tag="999" ind1=" " ind2=" ">
    <subfield code="c">460</subfield>
    <subfield code="d">460</subfield>
  </datafield>
  <controlfield tag="008">190805r20102014ii a|||gd|||| 0|| ||eng| </controlfield>
  <datafield tag="020" ind1=" " ind2=" ">
    <subfield code="a">9788125937142</subfield>
    <subfield code="c">Rs. 595.00</subfield>
  </datafield>
  <datafield tag="040" ind1=" " ind2=" ">
    <subfield code="a">KO</subfield>
    <subfield code="b">eng</subfield>
  </datafield>
  <datafield tag="041" ind1="0" ind2=" ">
    <subfield code="a">eng</subfield>
  </datafield>
  <datafield tag="044" ind1=" " ind2=" ">
    <subfield code="a">ii</subfield>
  </datafield>
  <datafield tag="082" ind1="0" ind2="4">
    <subfield code="a">658.15</subfield>
    <subfield code="b">P1923</subfield>
    <subfield code="2">23</subfield>
  </datafield>
  <datafield tag="100" ind1="1" ind2=" ">
    <subfield code="a">Pandey, I. M.</subfield>
  </datafield>
  <datafield tag="245" ind1="1" ind2="0">
    <subfield code="a">Financial Management / </subfield>
  </datafield>
  <datafield tag="250" ind1=" " ind2=" ">
    <subfield code="a">10th ed.</subfield>
  </datafield>
  <datafield tag="260" ind1=" " ind2=" ">
    <subfield code="a">New Delhi : </subfield>
    <subfield code="b">Vikash Publishing House,</subfield>
    <subfield code="c">2015</subfield>
  </datafield>
  <datafield tag="300" ind1=" " ind2=" ">
    <subfield code="a">xxiv, 879 p. :</subfield>
    <subfield code="b">ill. ; </subfield>
    <subfield code="c">28 cm +</subfield>
    <subfield code="e">1 CD-ROM</subfield>
  </datafield>
  <datafield tag="650" ind1=" " ind2="0">
    <subfield code="a">Finance, Personal</subfield>
    <subfield code="v">Textbooks</subfield>
  </datafield>
  <datafield tag="852" ind1=" " ind2=" ">
    <subfield code="a">KO</subfield>
  </datafield>
  <datafield tag="942" ind1=" " ind2=" ">
    <subfield code="c">BK</subfield>
  </datafield>
  <datafield tag="952" ind1=" " ind2=" ">
    <subfield code="0">0</subfield>
    <subfield code="1">0</subfield>
    <subfield code="2">ddc</subfield>
    <subfield code="4">0</subfield>
    <subfield code="6">658_150000000000000_P1923</subfield>
    <subfield code="7">0</subfield>
    <subfield code="8">MANS</subfield>
    <subfield code="9">3273</subfield>
    <subfield code="a">KO</subfield>
    <subfield code="b">KO</subfield>
    <subfield code="c">GEN</subfield>
    <subfield code="d">2013-12-06</subfield>
    <subfield code="e">Reference Book Shop (Inv No. 257 Dt. 2014-02-06)</subfield>
    <subfield code="g">595.00</subfield>
    <subfield code="o">658.15 P1923</subfield>
    <subfield code="p">BK002642</subfield>
    <subfield code="r">2019-08-08</subfield>
    <subfield code="y">BK</subfield>
    <subfield code="z">Gen. Shelf-23, Row-6</subfield>
  </datafield>
  <datafield tag="952" ind1=" " ind2=" ">
    <subfield code="0">0</subfield>
    <subfield code="1">0</subfield>
    <subfield code="2">ddc</subfield>
    <subfield code="4">0</subfield>
    <subfield code="6">658_150000000000000_P1923</subfield>
    <subfield code="7">0</subfield>
    <subfield code="8">MANS</subfield>
    <subfield code="9">3274</subfield>
    <subfield code="a">KO</subfield>
    <subfield code="b">KO</subfield>
    <subfield code="c">GEN</subfield>
    <subfield code="d">2013-12-06</subfield>
    <subfield code="e">Reference Book Shop (Inv No. 257 Dt. 2014-02-06)</subfield>
    <subfield code="g">595.00</subfield>
    <subfield code="o">658.15 P1923</subfield>
    <subfield code="p">BK002643</subfield>
    <subfield code="r">2019-08-08</subfield>
    <subfield code="y">BK</subfield>
    <subfield code="z">Gen. Shelf-23, Row-6</subfield>
  </datafield>
  <datafield tag="952" ind1=" " ind2=" ">
    <subfield code="0">0</subfield>
    <subfield code="1">0</subfield>
    <subfield code="2">ddc</subfield>
    <subfield code="4">0</subfield>
    <subfield code="6">658_150000000000000_P1923</subfield>
    <subfield code="7">0</subfield>
    <subfield code="8">MANS</subfield>
    <subfield code="9">3275</subfield>
    <subfield code="a">KO</subfield>
    <subfield code="b">KO</subfield>
    <subfield code="c">GEN</subfield>
    <subfield code="d">2013-12-06</subfield>
    <subfield code="e">Reference Book Shop (Inv No. 257 Dt. 2014-02-06)</subfield>
    <subfield code="g">595.00</subfield>
    <subfield code="o">658.15 P1923</subfield>
    <subfield code="p">BK002644</subfield>
    <subfield code="r">2019-08-08</subfield>
    <subfield code="y">BK</subfield>
    <subfield code="z">Gen. Shelf-23, Row-6</subfield>
  </datafield>
  <datafield tag="952" ind1=" " ind2=" ">
    <subfield code="0">0</subfield>
    <subfield code="1">0</subfield>
    <subfield code="2">ddc</subfield>
    <subfield code="4">0</subfield>
    <subfield code="6">658_150000000000000_P1923_CD</subfield>
    <subfield code="7">0</subfield>
    <subfield code="8">MANS</subfield>
    <subfield code="9">7083</subfield>
    <subfield code="a">KO</subfield>
    <subfield code="b">KO</subfield>
    <subfield code="c">STAFF</subfield>
    <subfield code="d">2013-12-06</subfield>
    <subfield code="e">Accompanying Material (free with textbook)</subfield>
    <subfield code="o">658.15 P1923 CD</subfield>
    <subfield code="p">002642CD</subfield>
    <subfield code="r">2020-09-11</subfield>
    <subfield code="y">CD</subfield>
    <subfield code="z">Circulation Sec, Drawer No.4</subfield>
  </datafield>
  <datafield tag="952" ind1=" " ind2=" ">
    <subfield code="0">0</subfield>
    <subfield code="1">0</subfield>
    <subfield code="2">ddc</subfield>
    <subfield code="4">0</subfield>
    <subfield code="6">658_150000000000000_P1923_CD</subfield>
    <subfield code="7">0</subfield>
    <subfield code="8">MANS</subfield>
    <subfield code="9">7084</subfield>
    <subfield code="a">KO</subfield>
    <subfield code="b">KO</subfield>
    <subfield code="c">STAFF</subfield>
    <subfield code="d">2013-12-06</subfield>
    <subfield code="e">Accompanying Material (free with textbook)</subfield>
    <subfield code="o">658.15 P1923 CD</subfield>
    <subfield code="p">002643CD</subfield>
    <subfield code="r">2020-09-11</subfield>
    <subfield code="y">CD</subfield>
    <subfield code="z">Circulation Sec, Drawer No.4</subfield>
  </datafield>
  <datafield tag="952" ind1=" " ind2=" ">
    <subfield code="0">0</subfield>
    <subfield code="1">0</subfield>
    <subfield code="2">ddc</subfield>
    <subfield code="4">0</subfield>
    <subfield code="6">658_150000000000000_P1923_CD</subfield>
    <subfield code="7">0</subfield>
    <subfield code="8">MANS</subfield>
    <subfield code="9">7085</subfield>
    <subfield code="a">KO</subfield>
    <subfield code="b">KO</subfield>
    <subfield code="c">STAFF</subfield>
    <subfield code="d">2013-12-06</subfield>
    <subfield code="e">Accompanying Material (free with textbook)</subfield>
    <subfield code="o">658.15 P1923 CD</subfield>
    <subfield code="p">002644CD</subfield>
    <subfield code="r">2020-09-11</subfield>
    <subfield code="y">CD</subfield>
    <subfield code="z">Circulation Sec, Drawer No.4</subfield>
  </datafield>
</record>
